Nghệ thuật lãnh đạo
Sách trình bày một cách hệ thống, logic và rõ ràng các tiếp cận khác nhau của nhà nghiên cứu về lãnh đạo trên thế giới, đặc biệt là những quan điểm hiện đại về lãnh đạo.
Guardat en:
| Autor principal: | |
|---|---|
| Format: | Llibre |
| Idioma: | Vietnamese |
| Publicat: |
H.
Lao động - Xã hội
2011
|
| Matèries: | |
| Etiquetes: |
Afegir etiqueta
Sense etiquetes, Sigues el primer a etiquetar aquest registre!
|
| Thư viện lưu trữ: | Thư viện Trường Đại học Nam Cần Thơ |
|---|
| LEADER | 01916aam a22002658a 4500 | ||
|---|---|---|---|
| 001 | NCT_21895 | ||
| 008 | 160713s2016 ||||||viesd | ||
| 999 | |c 1036 |d 1036 | ||
| 020 | |c 69000 | ||
| 082 | 0 | 4 | |2 23rd ed. |a 658.409 |b L104 |
| 100 | 1 | |a Nguyễn Hữu Lam | |
| 245 | 1 | 0 | |a Nghệ thuật lãnh đạo |c Nguyễn Hữu Lam |
| 260 | |a H. |b Lao động - Xã hội |c 2011 | ||
| 300 | |a 220 tr. |c 21 cm | ||
| 520 | 3 | |a Sách trình bày một cách hệ thống, logic và rõ ràng các tiếp cận khác nhau của nhà nghiên cứu về lãnh đạo trên thế giới, đặc biệt là những quan điểm hiện đại về lãnh đạo. | |
| 653 | |a Quản trị kinh doanh | ||
| 942 | |2 ddc |c BK | ||
| 952 | |0 0 |1 0 |2 ddc |4 0 |6 658_409000000000000_L104 |7 0 |9 11550 |a 000001 |b 000001 |d 2018-06-22 |o 658.409 L104 |p MD.05127 |r 2018-06-22 |v 69000.00 |w 2018-06-22 |y BK | ||
| 952 | |0 0 |1 0 |2 ddc |4 0 |6 658_409000000000000_L104 |7 0 |9 11551 |a 000001 |b 000001 |d 2018-06-22 |o 658.409 L104 |p MD.05128 |r 2018-06-22 |v 69000.00 |w 2018-06-22 |y BK | ||
| 952 | |0 0 |1 0 |2 ddc |4 0 |6 658_409000000000000_L104 |7 0 |9 11553 |a 000001 |b 000001 |d 2018-06-22 |o 658.409 L104 |p MD.05130 |r 2018-06-22 |v 69000.00 |w 2018-06-22 |y BK | ||
| 952 | |0 0 |1 0 |2 ddc |4 0 |6 658_409000000000000_L104 |7 0 |9 11554 |a 000001 |b 000001 |d 2018-06-22 |o 658.409 L104 |p MD.05126 |r 2018-06-22 |v 69000.00 |w 2018-06-22 |y BK | ||
| 952 | |0 0 |1 0 |2 ddc |4 0 |6 658_409000000000000_L104 |7 0 |9 11555 |a 000001 |b 000001 |d 2018-06-22 |l 1 |o 658.409 L104 |p MD.05008 |r 2020-07-17 |s 2020-07-07 |v 69000.00 |w 2018-06-22 |y BK | ||
| 952 | |0 0 |1 0 |2 ddc |4 0 |6 658_409000000000000_L104 |7 0 |9 11556 |a 000001 |b 000001 |d 2018-06-22 |o 658.409 L104 |p MD.05009 |r 2018-06-22 |v 69000.00 |w 2018-06-22 |y BK | ||
| 952 | |0 0 |1 0 |2 ddc |4 0 |6 658_409000000000000_L104 |7 0 |9 17007 |a 000001 |b 000001 |d 2019-08-08 |o 658.409 L104 |p MD.05129 |r 2019-08-08 |v 69000.00 |w 2019-08-08 |y BK | ||
| 980 | |a Thư viện Trường Đại học Nam Cần Thơ | ||